Statistiken für Größte Städte Frankreichs Quiz

Klicken Sie hier um das Quiz zu spielen!

Allgemein

  • Dieses Quiz wurde 15.348 mal gespielt
  • Das Durchschnittsergebnis liegt bei 10 aus 20

Antwortstatistiken

BevölkerungStadt% Korrekt
2,229,621Paris
100%
855,393Marseille
92%
500,715Lyon
90%
342,295Nizza
78%
275,718Straßburg
76%
243,626Bordeaux
74%
458,298Toulouse
64%
231,491Lille
59%
292,718Nantes
55%
211,373Rennes
50%
272,084Montpellier
47%
182,592Reims
37%
153,003Dijon
36%
172,074Le Havre
31%
172,023Saint-Étienne
31%
160,215Grenoble
28%
150,564Nîmes
22%
163,760Toulon
18%
150,125Angers
17%
147,192Villeurbanne
7%

Verteilung der Resultate

Perzentil nach korrekt beantworteten Fragen

Anzahl Personen mit jedem Resultat

Ihre Resultats-Entwicklung

Sie haben dieses Quiz noch nicht gespielt